000 00883cam a2200277 i 4500
001 107056
005 20230404125915.0
008 120530b2006 mx 000 0 spa
020 _a9682306264
050 1 4 _a100 F 1419
_bM843a 2006
082 0 0 _a301.45
100 2 _aMoreno Fraginals, Manuel,
_d1920-
245 1 0 _aÁfrica en América Latina /
_crelator, Manuel Moreno Fraginals.
250 _a4a ed.
260 _aMéxico :
_bUnesco, Siglo Veintiuno Editores,
_c2006
300 _a436 p. ;
_c23cm.
490 1 _aEl mundo en América Latina
504 _aIncluye bibliografia e indice.
650 0 _aBlacks
_zLatin America.
651 0 _aLatin America
_xCivilization
_xAfrican influences.
650 4 _aNegros
_zAmérica Latina.
650 4 _aEsclavitud en América Latina.
650 4 _aNegros
_xCondiciones sociales
_zAmérica Latina.
942 _2lcc
_cbk
946 _aSH
999 _c7097
_d7097